Score 0/31 Timer 05:00
1 Play Today
Actor/Actress Character % Correct
Stefan DennisPaul
97.4%
Alan FletcherKarl
95.7%
Jackie WoodburneSusan
95.3%
Ryan MoloneyToadfish
89.3%
Kym ValentineLibby
84.9%
Tom OliverLou
82.9%
Eve MoreySonya
71.4%
Ashleigh BrewerKate
64.6%
Scott MajorLucas
61.6%
Gemma PranitaJade
57.1%
Kyle CanningChris
56.4%
James MasonChris
55.3%
Jordan SmithAndrew
54%
Kaiya JonesSophie
52.7%
Valentina NovakovicNatasha
49.1%
Jordy LucasSummer
48%
Actor/Actress Character % Correct
Morgan BakerCallum Jones
44.3%
Rhys LawsonBen
41.1%
Ben Anderson (recurring)Tim
32.6%
Caroline Lloyd (recurring)Veronica
26.4%
Mary Annegeline (recurring)Jodie
26.1%
Laura Hill (recurring)Simone
24.5%
Carolyn Bock (recurring)Peggy
24%
Sandy WintonMichael
23.9%
Scott Parameter (recurring)Jim
3.5%
Sophie Tilson (recurring)Lisa
3.1%
Mahesh Jadu (recurring)Doug
2.6%
Georgia Bolton (recurring)Danielle
2.6%
Paul Ireland (recurring)Duncan
1.1%
Ben Knight (recurring)Ivan
1.1%
Cameron Heine (recurring)Dean
0.9%

You're not logged in!

Compare scores with friends on all Sporcle quizzes.
OR
Log In

Sporcle TV

Today on Sporcle TV


Watch our educational content, quiz creation guides, and fun videos on Sporcle TV.

Show Comments

Extras

Top Quizzes Today


Score Distribution

Paid Content

Your Account Isn't Verified!

In order to create a playlist on Sporcle, you need to verify the email address you used during registration. Go to your Sporcle Settings to finish the process.

Report this User

Report this user for behavior that violates our Community Guidelines.

Details: